000 00713nam a2200181Ia 4500
008 090124s9999 xx 000 0 und d
082 _b25727
_a3284
100 _aपवार जयंत
245 _a अ ब्राम्हणी साहित्याचे सौंदर्यशास्त्र
250 _a1
260 _c1988
300 _a206
600 _aपवार जयंत
630 _a अ ब्राम्हणी साहित्याचे सौंदर्यशास्त्र
700 _aपवार जयंत
730 _a अ ब्राम्हणी साहित्याचे सौंदर्यशास्त्र
942 _cBOOK
999 _c139231
_d139231